[Event "URU-ch (Women)"]
[Site "Montevideo"]
[Date "2024.03.27"]
[Round "4"]
[White "Alves, Anaclara"]
[Black "Fabra, Nahiara"]
[Result "0-1"]
[WhiteElo "1667"]
[BlackElo "1815"]
[PlyCount "112"]
[EventDate "2024.03.24"]
[EventType "tourn"]
[EventRounds "7"]
[EventCountry "URU"]
[SourceTitle "CB14_2024"]
[SourceDate "2024.04.01"]
[SourceVersion "1"]
[SourceVersionDate "2024.04.01"]
[SourceQuality "1"]

1. c4 e6 2. Nc3 d5 3. cxd5 exd5 4. d4 Nf6 5. Bg5 c6 6. e3 Be7 7. Bd3 Nbd7 8. Qc2 0-0 9. Nge2 Re8 10. 0-0 Nf8 11. f3 h6 12. Bh4 Ne6 13. Rad1 Nd7 14. Bxe7 Qxe7 15. e4 dxe4 16. fxe4 Ng5 17. e5 b6 18. Ng3 c5 19. Nd5 Qd8 20. h4 Bb7 21. hxg5 Bxd5 22. gxh6 gxh6 23. Qd2 Qg5 24. Qxg5+ hxg5 25. Rf5 cxd4 26. Rxg5+ Kf8 27. Re1 f6 28. Rf5 Rxe5 29. Rexe5 Nxe5 30. Be2 d3 31. Bd1 Ke7 32. b3 Rg8 33. Kf2 Ke6 34. Rf4 Rc8 35. Nh5 f5 36. Ng3 Rf8 37. Nf1 Be4 38. Nd2 Rc8 39. Nxe4 fxe4 40. Rxe4 Kd5 41. Rf4 Rc2+ 42. Ke3 Rxg2 43. Rf5 Ke6 44. Rf4 Rxa2 45. Re4 Kd5 46. Rd4+ Kc6 47. Re4 Kd5 48. Rd4+ Ke6 49. b4 Ra1 50. Bb3+ Kf6 51. Rf4+ Kg5 52. Rd4 Rb1 53. Ba2 Re1+ 54. Kf2 Re2+ 55. Kf1 Rxa2 56. Rd5 Kf4 0-1

[Event "URU-ch sf2"]
[Site "Colonia del Sacramento"]
[Date "2023.02.19"]
[Round "5"]
[White "Alves, Anaclara"]
[Black "De Leon, Jeronimo"]
[Result "1-0"]
[WhiteElo "1410"]
[BlackElo "1459"]
[PlyCount "83"]
[EventDate "2023.02.17"]
[EventType "swiss"]
[EventRounds "7"]
[EventCountry "URU"]
[SourceTitle "CBM 213 Extra"]
[Source "ChessBase"]
[SourceDate "2023.05.31"]
[SourceVersion "1"]
[SourceVersionDate "2023.05.31"]
[SourceQuality "1"]

1. c4 Nf6 2. Nc3 c5 3. g3 Nc6 4. Bg2 e6 5. e4 d5 6. cxd5 exd5 7. d3 dxe4 8. Nxe4 Bf5 9. Nxf6+ Qxf6 10. Qe2+ Be7 11. Be3 0-0 12. Nh3 Bxh3 13. Bxh3 Nd4 14. Bxd4 Qxd4 15. 0-0 Bf6 16. Rab1 Rad8 17. Rfd1 Rfe8 18. Qc2 h6 19. Bg2 Re7 20. Be4 Rde8 21. b3 Be5 22. Qc4 b6 23. Bc6 Rc8 24. Be4 b5 25. Qxb5 Rb8 26. Qc4 Rb4 27. Qc2 Bd6 28. Re1 Qf6 29. Re2 Rb8 30. Rbe1 Kf8 31. Qc4 Rbe8 32. Kf1 Re5 33. Kg2 Bc7 34. Bf3 Rxe2 35. Rxe2 Rxe2 36. Bxe2 Qd4 37. Qa6 Bb6 38. Qc8+ Ke7 39. Qb7+ Ke6 40. Qc6+ Qd6 41. Bg4+ Ke5 42. f4+ 1-0